000 00645nam a22001937a 4500
008 161006b xxu||||| |||| 00| 0 eng d
020 _a9781259060595
050 _aHD 58.1 .I93 2014
100 _aIvancevich John M.
245 _aOrganizational behavior and management/
_cJohn M. Ivancevich ,Robert Konopaske and Michael T. Matteson
250 _a10th ed.
260 _aBoston :
_bMcGrawHill ,
_cc2014
300 _axix, 650p. :
_bill. ;
500 _aIncludes index.
650 _aOrganizational behavior
700 _aKonopaske, Robert
700 _aMatteson ,Michael T.
942 _2lcc
_cBOOKS
_hHD 58.1 .I93 2014
_03
999 _c14639
_d14639